|
|
|
|
| LEADER |
00000nab#a22000007a#4500 |
| 001 |
arbauad029122 |
| 003 |
AR-BaUAD |
| 005 |
20250711112348.0 |
| 008 |
971110|||||||||###||||||b###|0###a|spa|| |
| 040 |
|
|
|a AR-BaUAD
|c AR-BaUAD
|b spa
|
| 245 |
1 |
0 |
|a Escola Superior de Disseny Elisava, Barcelona
|
| 300 |
0 |
|
|b fot.
|
| 653 |
|
|
|a ESPAÑA
|
| 653 |
|
|
|a BARCELONA
|
| 653 |
|
|
|a UNIVERSIDADES
|
| 653 |
|
|
|a PEDAGOGIA
|
| 653 |
|
|
|a METODOLOGIA
|
| 653 |
|
|
|a BRICALL, ENRIC
|
| 653 |
|
|
|a FELIP, MAI
|
| 653 |
|
|
|a BLANCH, ALEX
|
| 653 |
|
|
|a VINYETS I REJON, JOAN
|
| 653 |
|
|
|a CEPPI, GIULIO
|
| 653 |
|
|
|a DISEÑO INDUSTRIAL
|
| 773 |
0 |
|
|t INTERNI
|g no. 451 [jun. 1995], p. 157-164
|
| 942 |
|
|
|c ARTI
|
| 952 |
|
|
|0 0
|1 0
|4 0
|7 0
|9 74041
|a AR-BAuAD
|b AR-BAuAD
|d 2025-07-11
|l 0
|p AAQA029122
|r 2025-07-11 11:23:48
|w 2025-07-11
|y ARTI
|
| 990 |
|
|
|a DI199
|b TD
|
| 998 |
|
|
|a AAQ
|b BIBUN76
|
| 999 |
|
|
|c 53714
|d 53714
|